| 000 | 00789nam a22002415a 4500 | ||
|---|---|---|---|
| 005 | 20201128021525.0 | ||
| 008 | 150819s2014 ii a frb 001 0 eng d | ||
| 020 | _a9788122436730 | ||
| 040 |
_aEG-ScBUE _beng _dEG-ScBUE |
||
| 082 | 0 | 4 |
_222 _a003.54 _bVEL |
| 100 | 1 |
_aVeluswamy, S. _938843 |
|
| 245 | 1 | 4 |
_aInformation theory and coding : _bbasics and practices : as per the latest syllabus of VTU / _cS. Veluswamy. |
| 250 | _a1st ed. | ||
| 260 |
_aNew Delhi : _bNew Age International (P) Limited Publishers, _c2014. |
||
| 300 |
_axvi, 276 p. : _bill. ; _c24 cm. |
||
| 490 | 0 | _aNew age | |
| 500 | _aIndex : p. 273-276. | ||
| 504 | _aBibliography : p. 271-272. | ||
| 650 | 7 |
_2BUEsh _92636 _aCoding theory. |
|
| 651 | _2BUEsh | ||
| 653 |
_bCOMSCI _cAugust2015 _cDecember2015 |
||
| 942 | _2ddc | ||
| 999 |
_c20645 _d20617 |
||